Statistiques concernant Descriptions de films #1

Cliquez ici pour prendre le quiz!

Statistiques générales

  • Ce quiz a été pris 51 fois
  • Le résultat moyen est 3 sur 15

Statistiques - réponses

HintRéponse% Correct
... est une ville qui ne ressemble à aucune autre : seuls les animaux y habitent !Zootopie
49%
... veut venger la mort de son père, abattu par un dealer noir, et épouse les thèses racistes d'un groupuscule de militants d'extrême droite.American history X
42%
... et ... sont deux magiciens surdoués, promis dès leur plus jeune âge à un glorieux avenir.Le prestige
35%
En 1942, un avion anglais est abattu par les Allemands au-dessus de Paris.La grande vadrouille
33%
Au XXIème siècle, où règnent la violence et le sexe, ..., jeune chef de bande, exerce avec sadisme une terreur aveugle.Orange Mécanique
33%
Les quatre membres de la famille ... sont proches, mais sont au chômage et ont un avenir sombre.Parasite
33%
Au cœur de Los Angeles, une actrice en devenir prénommée ..., sert des cafés entre deux auditions.La La Land
21%
..., homme d'affaires avisé, reçoit le jour de son anniversaire un étrange cadeau que lui offre son frère.The game
21%
Un chasseur de primes rejoint deux hommes dans une alliance précaire.Le bon, la brute et le truand
19%
Dans la France occupée de 1940, ... assiste à l'exécution de sa famille tombée entre les mains du colonel nazi ... .Inglourious Basterds
16%
Voulant sa part du rêve américain, ... vit désormais entouré d'un mystérieux millionnaire.Gatsby
12%
Dans la banlieue de Boston, deux fillettes de 6 ans, ... et ..., ont disparu.Prisoners
12%
..., un garçon plutôt timide, est envoyé dans la prestigieuse académie de Welton.Le cercle des poètes disparus
9%
En 1943, en Biélorussie, un jeune villageois, ..., déterre le fusil d'un soldat mort et s'engage chez les partisans contre l'envahisseur allemand.Requiem pour un massacre
5%
Il y a huit ans, ... a disparu dans la nuit : lui qui était un héros est alors devenu un fugitif.The Dark Knight Rises
0%

Distribution des résultats

Percentile par nombre de réponses

% des personnes avec chaque résultat

Votre développement - résultats

Vous n’avez pas pris ce quiz